[Event "Latschach op 26th"]
[Site "Latschach"]
[Date "2010.08.14"]
[Round "1"]
[White "Schnider, Gert"]
[Black "Sorge, Sven"]
[Result "1-0"]
[WhiteElo "2338"]
[BlackElo "1882"]
[PlyCount "67"]
[EventDate "2010.08.14"]
[EventType "swiss"]
[EventRounds "9"]
[EventCountry "AUT"]
[SourceTitle "CBM 138 Extra"]
[Source "ChessBase"]
[SourceDate "2010.10.29"]
[SourceVersion "1"]
[SourceVersionDate "2010.10.29"]
[SourceQuality "1"]

1. d4 d5 2. c4 e6 3. Nc3 f5 4. g3 Nf6 5. Nf3 c6 6. Bg2 Bd6 7. 0-0 0-0 8. Bf4 Bxf4 9. gxf4 Nbd7 10. e3 Ne4 11. Qc2 Qe8 12. Nd2 Nxd2 13. Qxd2 Nf6 14. Qe2 Bd7 15. Rfc1 Qe7 16. Rab1 Ne4 17. b4 Qh4 18. Rb2 Be8 19. f3 Bh5 20. Nxe4 fxe4 21. Qf2 Qxf2+ 22. Kxf2 exf3 23. Bxf3 Bg6 24. b5 Rac8 25. Bg4 Bf5 26. Bxf5 exf5 27. cxd5 cxd5 28. Rbc2 Rxc2+ 29. Rxc2 b6 30. Rc6 g6 31. Kf3 Rd8 32. Rc7 a5 33. bxa6 Ra8 34. a7 1-0

[Event "Feffernitz Raika op 16th"]
[Site "Feffernitz"]
[Date "2007.08.21"]
[Round "4"]
[White "Regatschnig, Horst"]
[Black "Sorge, Sven"]
[Result "0-1"]
[WhiteElo "1868"]
[BlackElo "1513"]
[PlyCount "44"]
[EventDate "2007.08.19"]
[EventType "swiss"]
[EventRounds "9"]
[EventCountry "AUT"]
[SourceTitle "EXT 2008"]
[Source "ChessBase"]
[SourceDate "2007.11.25"]
[SourceVersion "1"]
[SourceVersionDate "2007.11.25"]
[SourceQuality "1"]

1. d4 d5 2. Nf3 e6 3. e3 f5 4. c4 Nf6 5. Nc3 c6 6. a3 Bd6 7. cxd5 exd5 8. Bd3 0-0 9. 0-0 Ne4 10. Qc2 Nd7 11. b4 Ndf6 12. Bb2 Qe8 13. Ne2 Qh5 14. Ng3 Nxg3 15. hxg3 Ng4 16. Be2 Rf6 17. Nh4 g5 18. Bxg4 fxg4 19. f4 gxh4 20. gxh4 Qxh4 21. Rf2 Rh6 22. Kf1 g3 0-1